| Tag |
First Indicator |
Second Indicator |
Subfields |
| LEADER |
00000cam a22000001 4500 |
| 001 |
in00000240313 |
| 005 |
20151010050400.0 |
| 008 |
690306s1968 nyuabc b 00110 eng |
| 010 |
|
|
|a 68009814
|
| 035 |
|
|
|a (OCoLC)00411942
|
| 035 |
|
|
|9 ABA9296AM
|
| 037 |
|
|
|c 11.50
|
| 040 |
|
|
|a DLC
|c DLC
|d TXA
|d UtOrBLW
|
| 049 |
|
|
|a TXAM
|c [638105]
|
| 050 |
0 |
0 |
|a DS798
|b .B53 1968
|
| 082 |
0 |
|
|a 951.7/3
|
| 100 |
1 |
|
|a Bawden, Charles R.
|
| 245 |
1 |
4 |
|a The modern history of Mongolia /
|c [by] C. R. Bawden.
|
| 264 |
|
1 |
|a New York :
|b Praeger,
|c [1968]
|
| 300 |
|
|
|a xvii, 460 pages :
|b illustrations, maps, portraits ;
|c 23 cm.
|
| 336 |
|
|
|a text
|b txt
|2 rdacontent
|
| 337 |
|
|
|a unmediated
|b n
|2 rdamedia
|
| 338 |
|
|
|a volume
|b nc
|2 rdacarrier
|
| 490 |
1 |
|
|a The Praeger Asia-Africa series
|
| 504 |
|
|
|a Includes bibliographical references.
|
| 651 |
|
0 |
|a Mongolia
|x History.
|
| 830 |
|
0 |
|a Praeger Asia-Africa series.
|
| 999 |
|
|
|a MARS
|
| 999 |
f |
f |
|s 71831cbc-070d-33bd-9b43-0dba2892b188
|i 2d581cb3-75de-3044-ace0-2c37358014bb
|t 0
|
| 952 |
f |
f |
|p ric
|a Texas A&M University
|b Rellis Campus
|c Joint Library Facility
|d Remote Storage
|t 0
|e DS798 .B53 1968
|h Library of Congress classification
|i unmediated -- volume
|m A14802076753
|
| 998 |
f |
f |
|a DS798 .B53 1968
|t 0
|l Remote Storage
|